Statistics for Men's Tennis Players Ranked #1 by Nationality

Click here to take the quiz!

General Stats

  • This quiz has been taken 80 times
  • The average score is 11 of 14

Answer Stats

Total players # Year last ranked #1 Answer % Correct
62004United States
99%
32014Spain
99%
12016United Kingdom
97%
12012Switzerland
96%
32003Australia
92%
12016Serbia
92%
22001Russia
91%
31992Sweden
88%
11991Germany
84%
12001Brazil
71%
11990Czechoslovakia
62%
11996Austria
61%
11974Romania
54%
11998Chile
46%

Score Distribution

Percentile by Number Answered

Percent of People with Each Score

Your Score History

You have not taken this quiz